000 00360 a2200169 4500
001 184845
020 _a85-16-00642-5
040 _cMagnum
100 _aForjaz, Sonia Salerno
240 1 0 _aPonto de vista
_lpor
245 1 0 _aPonto de vista
300 _a31
362 0 _a1992
440 1 _aModerna
697 _aLITERATURA INFANTO-JUVENIL
942 _cBK
999 _c184845
_d184845